OpenSER based IBCF

Enregistré dans:
Détails bibliographiques
Auteur principal: Krhla, Matej (Auteur)
Autres auteurs: Vargic, Radoslav, 1972- (Directeur de thèse)
Format: Manuscrit Livre
Langue:anglais
Publié: Bratislava : STU v Bratislave FEI, 2008
Sujets:
Tags: Ajouter un tag
Pas de tags, Soyez le premier à ajouter un tag!

MARC

LEADER 00000ntm a22000003a 4500
001 stu170404
005 20160719165114.5
008 080925s2008------------------------eng-d
040 |a STU  |b slo 
041 0 |a eng 
100 1 |a Krhla, Matej  |4 aut 
245 1 |a OpenSER based IBCF 
260 |a Bratislava :  |b STU v Bratislave FEI,  |c 2008 
300 |a 102 s 
650 7 |a Telekomunikácie  |2 stusub 
700 1 |a Vargic, Radoslav,  |d 1972-  |4 ths  |u E070  |U FEI Fakulta elektrotechniky a informatiky  |T FEI Ústav telekomunikácií  |X 1918  |U E070  |Y 818  |7 A000001918